Continuing strong commercial activity (Record no. 117666)
[ view plain ]
| 000 -LEADER | |
|---|---|
| fixed length control field | 01160cam a2200217 4500 |
| 001 - CONTROL NUMBER | |
| control field | WB@3612-122 |
| 008 - FIXED-LENGTH DATA ELEMENTS--GENERAL INFORMATION | |
| fixed length control field | 040707n2004 000 0 eng u |
| 035 ## - SYSTEM CONTROL NUMBER | |
| System control number | (Sirsi) u126731 |
| 245 ## - TITLE STATEMENT | |
| Title | Continuing strong commercial activity |
| 260 ## - PUBLICATION, DISTRIBUTION, ETC. | |
| Date of publication, distribution, etc. | 2004 |
| 490 ## - SERIES STATEMENT | |
| Series statement | FPD Savills Research |
| Volume/sequential designation | June 2004 (4) |
| 520 ## - SUMMARY, ETC. | |
| Summary, etc. | Strong growth of commercial activity continued in May and there is industry-wide optimism regarding the performance of activity over the next three months - according to the latest "FPD Savills commercial development activity PMI". The strongest growth of all the areas of activity was again private sector new build; however the rate of expansion was less marked than that seen in any of the previous three months. The full report can be viewed for free, after registering, at: http://www.fpdsavills.co.uk/research.asp?content=% 5Cuber%5Fresearch%5C4612%2Ehtm&subcategory=none&co ntenttype=research&category=. |
| 590 ## - LOCAL NOTE (RLIN) | |
| Local note | WB |
| 590 ## - LOCAL NOTE (RLIN) | |
| Local note | WB |
| 650 ## - SUBJECT ADDED ENTRY--TOPICAL TERM | |
| Topical term or geographic name entry element | COMMERCIAL DEVELOPMENT |
| 650 ## - SUBJECT ADDED ENTRY--TOPICAL TERM | |
| Topical term or geographic name entry element | PRIVATE SECTOR DEVELOPMENT |
| 650 ## - SUBJECT ADDED ENTRY--TOPICAL TERM | |
| Topical term or geographic name entry element | NEW BUILD |
| 650 ## - SUBJECT ADDED ENTRY--TOPICAL TERM | |
| Topical term or geographic name entry element | INDUSTRIAL MARKET |
| 690 ## - LOCAL SUBJECT ADDED ENTRY--TOPICAL TERM (OCLC, RLIN) | |
| Topical term or geographic name as entry element | COMMERCIAL PROPERTY |
| 9 (RLIN) | 6227 |
| 942 ## - ADDED ENTRY ELEMENTS (KOHA) | |
| Suppress in OPAC | 0 |
| Withdrawn status | Lost status | Source of classification or shelving scheme | Damaged status | Not for loan | Home library | Current library | Shelving location | Date acquired | Total Checkouts | Full call number | Barcode | Date last seen | Copy number | Price effective from | Koha item type |
|---|---|---|---|---|---|---|---|---|---|---|---|---|---|---|---|
| Dewey Decimal Classification | London | London | News article | 07/07/2004 | WB4026-02 | 126731-1001 | 06/08/2019 | 1 | 06/08/2019 | News article |